[Event "12th Sueder Summer"]
[Site "Recklinghausen GER"]
[Date "2001.08.05"]
[Round "2"]
[White "Kern,G"]
[Black "Siepmann,M"]
[Result "1-0"]
[WhiteElo "2334"]
[BlackElo "2048"]

1.c4 e6 2.g3 Nf6 3.Bg2 d5 4.Nf3 Be7 5.d4 O-O 6.Qc2 dxc4 7.Nbd2 c5 8.dxc5 Bxc5
9.O-O Nc6 10.Nxc4 Qe7 11.Nfe5 Nd4 12.Qd1 Rd8 13.e3 Nc6 14.Nxc6 bxc6 15.Qa4 Nd5
16.Bd2 Bb7 17.Ba5 Bb6 18.Rfc1 Bc7 19.Bxc7 Qxc7 20.Qa5 Nb6 21.Rc2 c5 22.Bxb7 Qxb7
23.Nd2 Rac8 24.Qb5 Qd5 25.Qe2 Nd7 26.Nc4 Ne5 27.Nxe5 Qxe5 28.Rac1 h6 29.b4 Rd5
30.Qc4 Qd6 31.bxc5 Rdxc5 32.Qxc5 Rxc5 33.Rxc5 g5 34.h3 e5 35.e4 Qd2 36.a4 h5
37.Rb1 Qd4 38.Rbb5 Qd1+ 39.Kg2 g4 40.hxg4 hxg4 41.Rxe5 Qf3+ 42.Kg1 Qd1+ 43.Kh2 Qe2
44.Rg5+ Kf8 45.Rbf5 Qxe4 46.Rf4 Qe2 47.Rgxg4 a5 48.Rg5  1-0

[Event "Nordic Championships"]
[Site "Bergen NOR"]
[Date "2001.08.06"]
[Round "3"]
[White "Nilssen,J"]
[Black "Carlsen,M"]
[Result "1-0"]
[WhiteElo "2333"]
[BlackElo "2084"]

1.d4 d5 2.c4 e6 3.Nf3 Nf6 4.g3 Be7 5.Bg2 O-O 6.O-O dxc4 7.Qc2 a6 8.Qxc4 b5
9.Qc2 Bb7 10.Bf4 Nc6 11.Rd1 Nb4 12.Qc1 Nbd5 13.Nbd2 Nxf4 14.gxf4 c5 15.dxc5 Qc7
16.Nb3 Rac8 17.Ne5 Bxg2 18.Kxg2 Bxc5 19.Nxc5 Qxc5 20.Qxc5 Rxc5 21.Rac1 Rxc1
22.Rxc1 Nd5 23.Nd3 g6 24.Rc6 a5 25.Kf3 Ra8 26.Rc5 b4 27.Rb5 Ra7 28.e4 Nf6
29.Ne5 Rc7 30.Rxa5 Rc2 31.Ra8+ Kg7 32.Ra7 Kg8 33.Ra8+ Kg7 34.Ra7 Kg8 35.Rxf7 Nh5
36.Ra7 Rxb2 37.Nd3 Rc2 38.Ke3 Rc3 39.Kd2 Rc4 40.f3 Rd4 41.Ke3 Rc4 42.Rb7 Rc2
43.Nxb4 Rxh2 44.a4 Rb2 45.a5 Rb3+ 46.Kd4 Nxf4 47.a6 Ra3 48.a7  1-0

[Event "US Open"]
[Site "Framingham USA"]
[Date "2001.08.06"]
[Round "3"]
[White "Ippolito,D"]
[Black "Gorlin,Y"]
[Result "1-0"]
[WhiteElo "2394"]
[BlackElo "2106"]

1.d4 e6 2.c4 d5 3.Nf3 Nf6 4.g3 Be7 5.Bg2 O-O 6.O-O b6 7.Nc3 Bb7 8.Ne5 Nbd7
9.cxd5 Nxe5 10.d6 Nc6 11.dxe7 Qxe7 12.Qa4 Qd7 13.Bg5 Na5 14.Qxd7 Nxd7 15.e4 e5
16.d5 f6 17.Bc1 Ba6 18.Rd1 Nb7 19.b3 Nd6 20.Ba3 Rfd8 21.Rac1 Rac8 22.Bh3 Rb8
23.Bb4 Nc5 24.Bxc5 bxc5 25.f3 c4 26.Bf1 Rb4 27.Nb1 f5 28.Nd2 fxe4 29.fxe4 Bc8
30.Bxc4 Bg4 31.Re1 a5 32.a3 Rbb8 33.Bd3 Rd7 34.Rc5 Nb7 35.Rc3 Nd6 36.Rec1 Rc8
37.Rc5 Nb7 38.Ba6 Rb8 39.Rb5  1-0

[Event "Stork YM"]
[Site "Hengelo NED"]
[Date "2001.08.07"]
[Round "2"]
[White "Janssen,R"]
[Black "Kritz,L"]
[Result "0-1"]
[WhiteElo "2437"]
[BlackElo "2423"]

1.d4 Nf6 2.c4 e6 3.Nf3 d5 4.g3 Be7 5.Bg2 O-O 6.O-O dxc4 7.Qc2 a6 8.Qxc4 b5
9.Qc2 Bb7 10.Bf4 Nc6 11.Rd1 Nb4 12.Qc1 Nbd5 13.Nbd2 Nxf4 14.gxf4 Bd6 15.e3 Qe7
16.Nb3 Nd7 17.Na5 Be4 18.Nc6 Qe8 19.Nfe5 Bxg2 20.Kxg2 Nb6 21.Nd3 f6 22.Na5 Qg6+
23.Kf1 Qh5 24.Qc6 Nd5 25.Ne1 g5 26.f5 Qh3+ 27.Ke2 Qxf5 28.a3 Rab8 29.Qc2 Bxh2
30.Qxf5 exf5 31.Rac1 Bd6 32.Rc6 Rb6 33.Nd3 Rxc6 34.Nxc6 h5 35.Nc5 Ra8 36.Kd3 Kf7
37.f3 Ne7 38.Nxe7 Kxe7 39.Nb3 h4 40.e4 fxe4+ 41.Kxe4 Re8 42.Kf5 Kf7 43.Nc5 Bxc5  0-1

[Event "8th Open"]
[Site "Nice FRA"]
[Date "2001.08.10"]
[Round "6"]
[White "Sulava,N"]
[Black "Inkiov,V"]
[Result "1/2-1/2"]
[WhiteElo "2531"]
[BlackElo "2470"]

1.Nf3 Nf6 2.c4 e6 3.g3 d5 4.d4 Be7 5.Bg2 O-O 6.Qc2 Nbd7 7.O-O c6 8.Rd1 b6
9.b3 Bb7 10.Nc3 Rc8 11.e4 dxe4 12.Ng5 h6 13.Ngxe4 Nxe4 14.Nxe4 Nf6 15.Be3 Rc7
16.Nxf6+ Bxf6 17.Rd2 Rd7 18.Rad1 Qe7 19.c5 Rfd8 20.a4 e5 21.dxe5 Rxd2 22.Rxd2 Qxe5
23.h4 Rxd2 24.Qxd2 bxc5 25.Qa5 a6 26.Qb6 Qe7 27.Bxc6 Bxc6 28.Qxc6 Bd4 29.Qc8+ Kh7
30.Qxa6 Qe4 31.Qe2 f5 32.Qd2 g5 33.hxg5 hxg5 34.Kh2 f4 35.gxf4 gxf4 36.Bxf4 Qf3
37.Bg3 Qxb3 38.a5 Qb5 39.f4 Bf6 40.Qa2 Bd4 41.Qc2+ Kg7 42.Be1  1/2-1/2

[Event "12th Sueder Summer"]
[Site "Recklinghausen GER"]
[Date "2001.08.10"]
[Round "7"]
[White "Woller,R"]
[Black "Haenisch,J"]
[Result "1/2-1/2"]
[WhiteElo "2234"]
[BlackElo "2057"]

1.Nf3 d5 2.d4 Nf6 3.c4 e6 4.g3 Be7 5.Bg2 O-O 6.O-O Nbd7 7.Qc2 c6 8.b3 Ne4
9.Nbd2 f5 10.Bb2 Bf6 11.Rac1 Rf7 12.Rfd1 Nf8 13.Ne5 Bxe5 14.dxe5 Nxd2 15.Rxd2 f4
16.Qc3 Qg5 17.e4 dxc4 18.bxc4 c5 19.Rcd1 b6 20.Rd6 fxg3 21.hxg3 Bb7 22.f4 Qg6
23.Qf3 Re8 24.a4 h5 25.a5 bxa5 26.Ra1 h4 27.g4 h3 28.Bh1 h2+ 29.Kf1 Qxe4  1/2-1/2

[Event "TCh-Rep. Srpska"]
[Site "Jahorina BIH"]
[Date "2001.08.12"]
[Round "2"]
[White "Tosic,M"]
[Black "Brenjo,S"]
[Result "1/2-1/2"]
[WhiteElo "2497"]
[BlackElo "2445"]

1.d4 Nf6 2.c4 e6 3.Nf3 d5 4.g3 Be7 5.Bg2 O-O 6.O-O dxc4 7.Qc2 a6 8.Qxc4 b5
9.Qc2 Bb7 10.Bg5 Nbd7 11.Bxf6 Nxf6 12.Nbd2 Rc8 13.Nb3 Be4 14.Qc3 Nd5 15.Qc6 Qd6
16.Qc1 Nb4 17.Ne1 Bd5 18.Qd1 Bxb3 19.axb3 c5 20.dxc5 Qxd1 21.Rxd1 Rxc5 22.Rd2 Rd8
23.Nd3 Nxd3 24.exd3 Rc7 25.d4 Bb4 26.Rd3 Rc2 27.Rfd1 g6 28.d5 exd5 29.Bxd5 Kg7
30.Rd4 a5 31.Be4 Rxd4 32.Bxc2 Rxd1+ 33.Bxd1  1/2-1/2

[Event "TCh-Rep. Srpska"]
[Site "Jahorina BIH"]
[Date "2001.08.13"]
[Round "3"]
[White "Blagojevic,D"]
[Black "Lekic,D"]
[Result "1/2-1/2"]
[WhiteElo "2486"]
[BlackElo "2394"]

1.d4 d5 2.Nf3 Nf6 3.c4 e6 4.g3 Be7 5.Bg2 O-O 6.O-O dxc4 7.Qc2 a6 8.a4 Bd7
9.Ne5 Bc6 10.Nxc6 Nxc6 11.e3 Na5 12.Nd2 c5 13.dxc5 Rc8 14.b4 cxb3 15.Nxb3 Nxb3
16.Qxb3 Nd7 17.c6 bxc6  1/2-1/2

[Event "7th Stage Russian Cup"]
[Site "Togliatty RUS"]
[Date "2001.08.14"]
[Round "7"]
[White "Akselrod,V"]
[Black "Nikitin,An"]
[Result "1/2-1/2"]
[WhiteElo "2415"]
[BlackElo "2535"]

1.d4 d5 2.Nf3 Nf6 3.c4 e6 4.g3 Be7 5.Bg2 O-O 6.O-O dxc4 7.Qc2 a6 8.Qxc4 b5
9.Qc2 Bb7 10.Bf4 Nc6 11.Rd1 Nb4 12.Qc1 Rc8 13.Nc3 Nbd5 14.Nxd5 Bxd5 15.Be3 Ng4
16.Bg5 f6 17.Be3 c5 18.dxc5 Nxe3 19.Qxe3 Bxc5 20.Nd4 e5 21.Bxd5+ Qxd5 22.Qb3 Qxb3
23.Nxb3 Rf7 24.Rac1 Rfc7  1/2-1/2

[Event "7th Stage Russian Cup"]
[Site "Togliatty RUS"]
[Date "2001.08.15"]
[Round "8"]
[White "Burmakin,V"]
[Black "Akselrod,V"]
[Result "1-0"]
[WhiteElo "2593"]
[BlackElo "2415"]

1.d4 Nf6 2.Nf3 d5 3.c4 e6 4.g3 Be7 5.Bg2 O-O 6.O-O dxc4 7.Qc2 a6 8.a4 Bd7
9.Qxc4 Bc6 10.Nc3 b5 11.Qd3 b4 12.Nb1 Be4 13.Qd1 c5 14.Nbd2 Bb7 15.Nc4 cxd4
16.Qxd4 Nc6 17.Qxd8 Raxd8 18.Be3 Nd5 19.Bd2 Nf6 20.Rfc1 Ne4 21.Be3 Bf6 22.Bb6 Rd7
23.Rd1 Rxd1+ 24.Rxd1 Ba8 25.Ne1 Ne5 26.Nxe5 Bxe5 27.Nd3 Bd6 28.f3 Nf6 29.Bc5 Rd8
30.Bxd6 Rxd6 31.Rc1 Rc6 32.Rxc6 Bxc6 33.a5 Nd5 34.e4 Ne3 35.Nxb4 Bb5 36.b3 Kf8
37.f4 f6 38.Bf3 Nf1 39.Nc2 Nd2 40.Nd4 e5 41.fxe5 fxe5 42.Nxb5 Nxf3+ 43.Kf2 Nd2
44.Na7 Ke7 45.b4 Kd7 46.Ke3 Nc4+ 47.Kd3 Nd6 48.b5 axb5 49.Kc3 Nxe4+ 50.Kb4 Nd2
51.Kxb5 e4 52.Nc6 e3 53.Nd4 Kc7 54.Ne2 g5 55.h3 h5 56.Kc5 h4 57.g4 Nb3+ 58.Kb4 Nd2  1-0

[Event "Lost Boys Open"]
[Site "Amsterdam NED"]
[Date "2001.08.19"]
[Round "9"]
[White "Strating,S"]
[Black "Happel,H"]
[Result "1/2-1/2"]
[WhiteElo "2340"]
[BlackElo "2218"]

1.d4 Nf6 2.c4 e6 3.g3 d5 4.Bg2 Be7 5.Nf3 O-O 6.O-O c6 7.Qc2 b6 8.Rd1 Ba6
9.b3 Nbd7 10.Nbd2 Rc8 11.e4 c5 12.e5 Ne8 13.cxd5 cxd4 14.Qe4 Bb7 15.Qxd4 Bxd5
16.Bb2 Qc7 17.Nc4 Qb7 18.Qf4 Nc5 19.Ne3 Be4 20.Rd4 Nc7 21.b4 Nd3 22.Qxe4 Qxe4
23.Rxe4 Nxb2 24.Rb1 Na4 25.Rc4 Nb5 26.Nd2 Rcd8 27.Ne4 Na3 28.Rc7 Nxb1 29.Rxe7 Nbc3
30.Nd6 a5 31.a3 axb4 32.axb4 b5 33.Bc6 Rb8 34.Kg2 Nb2 35.Bd7 Rbd8 36.f4 Nd3
37.Nxb5 Nxb5 38.Bxb5 Nxb4 39.Nc4 Nd5 40.Ra7 Ra8 41.Rxa8 Rxa8 42.Nd6 Kf8 43.Ne4 Ra2+
44.Kh3 Rb2 45.Ba6 Ke7 46.Bf1 Ne3 47.Ba6 h5 48.Ng5 Ng4 49.Nf3 Rf2 50.Bb7 Rb2
51.Bc6 Kd8 52.Kh4 Nxh2 53.Kxh5 Nxf3 54.Bxf3 Rb3 55.Kg4 Kc7 56.Be4 Kb6 57.Bh7 Kc5
58.Bg8 Rb7 59.Kg5 Kd5 60.g4 Ra7 61.Kh5 Ra4 62.Kg5 f6+ 63.exf6 gxf6+ 64.Kxf6 Rxf4+
65.Ke7 Ke5  1/2-1/2

[Event "WJun"]
[Site "Athens GRE"]
[Date "2001.08.19"]
[Round "4"]
[White "Miton,K"]
[Black "Schenk,Andreas"]
[Result "1/2-1/2"]
[WhiteElo "2516"]
[BlackElo "2455"]

1.d4 Nf6 2.c4 e6 3.g3 d5 4.Bg2 Be7 5.Nf3 O-O 6.O-O dxc4 7.Qc2 a6 8.a4 Bd7
9.Qxc4 Bc6 10.Bg5 Bd5 11.Qd3 Be4 12.Qd1 c5 13.dxc5 Nbd7 14.Nbd2 Bd5 15.c6  1/2-1/2

[Event "Ron Banwell Masters"]
[Site "London ENG"]
[Date "2001.08.19"]
[Round "2"]
[White "Mishra,N"]
[Black "Fox,An"]
[Result "1/2-1/2"]
[WhiteElo "2293"]
[BlackElo "2112"]

1.d4 d5 2.c4 e6 3.Nf3 Nf6 4.g3 Be7 5.Bg2 O-O 6.Qc2 c6 7.O-O Nbd7 8.Nbd2 b6
9.e4 Bb7 10.e5 Ne8 11.Re1 Rc8 12.b3 Nc7 13.Bb2 c5 14.Rad1 b5 15.Qb1 bxc4
16.bxc4 Ba8 17.h4 h6 18.dxc5 Nxc5 19.Bd4 Qd7 20.Nb3 N7a6 21.cxd5 Bxd5 22.Nh2 Nxb3
23.axb3 Bxg2 24.Kxg2 Qb7+ 25.Qe4 Qxe4+ 26.Rxe4 Rfd8 27.Nf3 Nc5 28.Re3 a5
29.Ra1 Rb8 30.Rxa5 Nxb3 31.Ra4 Nxd4 32.Nxd4 Bc5 33.Re4 Bxd4  1/2-1/2

[Event "Rapidplay"]
[Site "Villarrobledo ESP"]
[Date "2001.08.19"]
[Round "8"]
[White "Lalic,B"]
[Black "Beliavsky,A"]
[Result "1-0"]
[WhiteElo "2528"]
[BlackElo "2659"]

1.d4 Nf6 2.c4 e6 3.Nf3 d5 4.g3 Be7 5.Bg2 O-O 6.Qc2 c5 7.O-O cxd4 8.Nxd4 Nc6
9.Nxc6 bxc6 10.Nc3 Bb7 11.b3 Qc7 12.Rd1 Rfd8 13.e3 dxc4 14.Rxd8+ Rxd8 15.bxc4 c5
16.e4 Nd7 17.Bf4 Qc8 18.Rb1 a6 19.h3 Bc6 20.Re1 h6 21.Qe2 Qa8 22.Nd5 Bf8
23.Nc3 g5 24.Bd2 Bg7 25.f4 Nf8 26.Rf1 gxf4 27.gxf4 Qb7 28.Nd1 Ng6 29.Ba5 Rd7
30.Nc3 Bd4+ 31.Kh1 Kh7 32.f5 Nh4 33.Qg4 Nxg2 34.f6 Bxf6 35.Rxf6 Ne3 36.Qf4 Nf5
37.Nd5 Qb1+ 38.Kh2 Qxa2+ 39.Bd2 Bxd5 40.cxd5 Qb2 41.Rxf7+ Rxf7 42.dxe6 Rf8
43.exf5 Qf6 44.Qc7+ Kg8 45.Qg3+ Qg7 46.Qxg7+ Kxg7 47.Bc3+ Kh7 48.f6 Kg6 49.f7  1-0

[Event "Open"]
[Site "Lisbon POR"]
[Date "2001.08.21"]
[Round "1"]
[White "Narciso Dublan,M"]
[Black "Cano Sanchez,J"]
[Result "1-0"]
[WhiteElo "2510"]
[BlackElo "2304"]

1.d4 Nf6 2.c4 e6 3.g3 d5 4.Bg2 Be7 5.Nf3 O-O 6.O-O Nbd7 7.Qc2 c6 8.Nbd2 b6
9.b3 Bb7 10.Bb2 Rc8 11.e4 c5 12.exd5 exd5 13.Qf5 dxc4 14.Nxc4 Be4 15.Qf4 Qc7
16.Qxc7 Rxc7 17.Rfe1 Re8 18.Rad1 Rcc8 19.Nce5 Rc7 20.Nxd7 Rxd7 21.Ne5  1-0

[Event "VI Cup IM"]
[Site "Paks HUN"]
[Date "2001.08.24"]
[Round "7"]
[White "Dearing,E"]
[Black "Koskela,N"]
[Result "1-0"]
[WhiteElo "2274"]
[BlackElo "2250"]

1.Nf3 Nf6 2.c4 e6 3.g3 d5 4.Bg2 Be7 5.d4 O-O 6.Qc2 a6 7.Nbd2 Nbd7 8.O-O c5
9.b3 cxd4 10.Nxd4 Bc5 11.Bb2 e5 12.N4f3 d4 13.Rad1 Re8 14.Ng5 h6 15.Nge4 Qc7
16.Nxc5 Qxc5 17.Rfe1 Nb6 18.h3 Rb8 19.e3 dxe3 20.Rxe3 Nbd5 21.Bxd5 Nxd5 22.Rxe5 Rxe5
23.Bxe5 Ne3 24.Ne4 Nxc2 25.Nxc5 Ra8 26.Rd8+ Kh7 27.Nd7 Bxd7 28.Rxa8 Nb4 29.Rd8 Bxh3
30.Rd2 Be6 31.Bc3 Nc6 32.f3 h5 33.Rh2 Kg6 34.Kf2 Ne7 35.Ke3 Nf5+ 36.Kf4 Kh6
37.g4 g5+ 38.Ke5 Nh4 39.Kf6 hxg4 40.fxg4 Bxg4 41.Bd2  1-0

[Event "Schneider Bohemia Open"]
[Site "Pilsen CZE"]
[Date "2001.08.25"]
[Round "8"]
[White "Freisler,P"]
[Black "Juptner,J"]
[Result "1-0"]
[WhiteElo "2350"]
[BlackElo "2229"]

1.Nf3 d5 2.c4 e6 3.g3 Nf6 4.Bg2 Be7 5.d4 O-O 6.O-O Nbd7 7.Nbd2 b6 8.cxd5 exd5
9.Ne5 Bb7 10.Ndf3 Re8 11.Nxd7 Nxd7 12.Bf4 c5 13.dxc5 bxc5 14.Rc1 Bf6 15.Qc2 Qb6
16.Rfd1 d4 17.h4 Be4 18.Qd2 Qe6 19.b3 a5 20.Bg5 Bd5 21.Bxf6 Nxf6 22.Rxc5 Qxe2
23.Qxe2 Rxe2 24.Nxd4 Re5 25.Nc6 Bxg2 26.Nxe5 Be4 27.Rxa5 Re8 28.f3 Bf5 29.Kf2 h6
30.Rd2 g5 31.hxg5 hxg5 32.Nxf7 Be4 33.Nxg5  1-0

[Event "ADCF Masters"]
[Site "Abu Dhabi UAE"]
[Date "2001.08.26"]
[Round "2"]
[White "Szekely,P"]
[Black "Barsov,A"]
[Result "1/2-1/2"]
[WhiteElo "2430"]
[BlackElo "2495"]

1.Nf3 d5 2.d4 Nf6 3.c4 e6 4.g3 Be7 5.Bg2 O-O 6.Qc2 c5 7.dxc5 Qa5+ 8.Qc3 Qxc5
9.cxd5 Nxd5 10.Qxc5 Bxc5 11.Bd2 Nc6 12.Nc3 Rd8 13.Rc1 Nxc3 14.Bxc3 Bb4 15.Nd2  1/2-1/2

[Event "WJun"]
[Site "Athens GRE"]
[Date "2001.08.27"]
[Round "11"]
[White "Stryjecki,M"]
[Black "Potkin,V"]
[Result "1-0"]
[WhiteElo "2441"]
[BlackElo "2530"]

1.Nf3 Nf6 2.g3 d5 3.Bg2 e6 4.c4 Be7 5.d4 O-O 6.O-O c5 7.cxd5 exd5 8.Nc3 Nc6
9.Bg5 cxd4 10.Nxd4 h6 11.Bf4 Bg4 12.h3 Bd7 13.Ndb5 Be6 14.Nc7 g5 15.Nxe6 fxe6
16.Bd2 Kg7 17.Kh2 Bd6 18.e3 a6 19.f4 Qc7 20.Ne2 Rad8 21.Rc1 Qb6 22.Bc3 Bb4
23.Nd4 Rde8 24.Bxb4 Qxb4 25.Nxc6 bxc6 26.Rxc6 Rf7 27.Qc2 a5 28.a3 Qb5 29.Qc3 a4
30.fxg5 hxg5 31.Rc7 Rxc7 32.Qxc7+ Kg6 33.Qe5 Nd7 34.Be4+  1-0

[Event "1st Open"]
[Site "St-Chely d'Aubrac FRA"]
[Date "2001.08.27"]
[Round "3"]
[White "Verat,L"]
[Black "Legrand,S"]
[Result "0-1"]
[WhiteElo "2319"]
[BlackElo "2172"]

1.d4 Nf6 2.c4 e6 3.Nf3 d5 4.g3 Be7 5.Bg2 O-O 6.O-O dxc4 7.Qc2 a6 8.Qxc4 b5
9.Qc2 Bb7 10.Bf4 Bd6 11.Nbd2 Nbd7 12.Nb3 Be4 13.Qc1 Qe7 14.Rd1 Rfc8 15.Qe3 Bd5
16.Rac1 Nb6 17.Nfd2 Bxg2 18.Kxg2 Na4 19.Rb1 Nd5 20.Qf3 Bxf4 21.gxf4 Qh4 22.e3 c5
23.dxc5 Nxc5 24.Nxc5 Rxc5 25.Nb3 Rc4 26.Rbc1 Rac8 27.Rxc4 Rxc4 28.e4 Rxe4
29.Qg3 Rxf4 30.Rc1 Qxg3+ 31.hxg3 Rc4 32.Rxc4 bxc4 33.Nc5 a5 34.Kf3 c3 35.bxc3 Nxc3
36.a4 h5 37.Ke3 g5 38.Kd4 Nd5 39.Ne4 Nb6 40.Kc5  0-1

[Event "43rd Open"]
[Site "Imperia ITA"]
[Date "2001.09.02"]
[Round "1"]
[White "Sulava,N"]
[Black "Spinelli,D"]
[Result "1-0"]
[WhiteElo "2531"]
[BlackElo "2170"]

1.Nf3 d5 2.d4 Nf6 3.c4 e6 4.g3 Be7 5.Bg2 O-O 6.Qc2 c6 7.O-O Nbd7 8.Rd1 b6
9.b3 Bb7 10.Nc3 Rc8 11.e4 Nxe4 12.Nxe4 dxe4 13.Qxe4 Nf6 14.Qc2 Qc7 15.Bf4 Bd6
16.Bxd6 Qxd6 17.c5 Qe7 18.h4 Rfd8 19.b4 Nd7 20.a4 f6 21.a5 bxc5 22.a6 Ba8
23.dxc5 e5 24.Nd2 Nf8 25.Nc4 Rb8 26.Rxd8 Rxd8 27.Nd6 Ne6 28.Qc4 Kf8 29.f4 Rxd6
30.cxd6 Qxd6 31.fxe5  1-0

[Event "ADCF Masters"]
[Site "Abu Dhabi UAE"]
[Date "2001.09.03"]
[Round "9"]
[White "Gleizerov,E"]
[Black "Zagrebelny,S"]
[Result "1/2-1/2"]
[WhiteElo "2587"]
[BlackElo "2466"]

1.d4 Nf6 2.c4 e6 3.g3 d5 4.Nf3 Be7 5.Bg2 O-O 6.O-O dxc4 7.Nc3 c5 8.dxc5 Qc7
9.Qa4 Qxc5 10.Be3 Qb4 11.Qxb4 Bxb4 12.Ne5 Bxc3 13.bxc3 Nd5 14.Bd4 b6 15.Nxc4 Nc6
16.e4 Nde7 17.Rfd1 Ba6 18.Nd6 Rad8 19.e5 Rd7 20.f4  1/2-1/2

[Event "TCh-YUG"]
[Site "Herceg Novi YUG"]
[Date "2001.09.03"]
[Round "1"]
[White "Georgiev,Ki"]
[Black "Brenjo,S"]
[Result "1-0"]
[WhiteElo "2695"]
[BlackElo "2445"]

1.d4 Nf6 2.c4 e6 3.g3 d5 4.Bg2 Be7 5.Nf3 O-O 6.O-O dxc4 7.Qc2 a6 8.a4 Bd7
9.Qxc4 Bc6 10.Bg5 Bd5 11.Qc2 Be4 12.Qc1 Nc6 13.Nbd2 Nxd4 14.Nxd4 Bxg2 15.Nxe6 fxe6
16.Kxg2 Qd5+ 17.Nf3 Bd6 18.Qc2 Qe4 19.Rfc1 Qxc2 20.Rxc2 Nd5 21.Bd2 e5 22.Ng5 Nf6
23.Ne6 Rf7 24.Rac1 c6 25.Rd1 Re7 26.Ng5 e4 27.Ba5 Nd5 28.Rc4 Rae8 29.Rdd4 Be5
30.Rxe4 Nf6 31.Re3 Bxb2 32.Rxe7 Rxe7 33.Rc2 Be5 34.f4 Bd4 35.Bb4 Re8 36.Kh3 h6
37.Nf3 Ba7 38.a5 Nd5 39.Bd6 Re4 40.Rb2 b5 41.axb6 Bxb6 42.Ne5 Bd4 43.Ra2 c5
44.Kg4 Nb4 45.Rd2 Bc3 46.Rd1 Rxe2 47.Bxc5 Bxe5 48.Bxb4 Bf6 49.h4 Rb2 50.Be1 Rb7
51.h5 Kf7 52.Rd6 Ra7 53.Ba5 Be7 54.Rc6 Bf6 55.Kf5 Be7 56.g4 Rb7 57.Rxa6 Rb5+
58.Ke4 Bf6 59.Bc7 Rb7 60.Be5 Be7 61.Kf5 Bf8 62.Ra8 Rb5 63.Ra7+ Kg8 64.Rd7 Ra5
65.Rd8 Kf7 66.Rb8 Rc5 67.Rb6 Ra5 68.Rb8 Rc5 69.Rd8 Be7 70.Rd7 Ra5 71.Rb7 Rc5
72.Ke4 Rc4+ 73.Kf3 Rb4 74.Ra7 Rb3+ 75.Ke4 Ra3 76.Rb7 Ra4+ 77.Kf5 Ra5 78.Rxe7+ Kxe7
79.Kg6 Kf8 80.Bxg7+ Kg8 81.f5 Ra4 82.g5 Ra7 83.f6 Rf7 84.Kf5 hxg5 85.Kxg5  1-0

[Event "TCh-YUG"]
[Site "Herceg Novi YUG"]
[Date "2001.09.03"]
[Round "1"]
[White "Ilincic,Z"]
[Black "Benkovic,P"]
[Result "1-0"]
[WhiteElo "2546"]
[BlackElo "2414"]

1.d4 Nf6 2.c4 e6 3.Nf3 d5 4.g3 Be7 5.Bg2 O-O 6.O-O c6 7.Qc2 Nbd7 8.Rd1 b6
9.a4 a5 10.b3 Ba6 11.Ba3 Bxa3 12.Nxa3 Qe7 13.Qb2 Rac8 14.Rac1 Rfd8 15.e3 Bb7
16.Ne5 Nxe5 17.dxe5 Nd7 18.f4 Nc5 19.cxd5 exd5 20.Nc2 Ra8 21.Nd4 Ra7 22.Rc3 Ba8
23.Rdc1 f6 24.e6 Nxe6 25.Nxc6 Bxc6 26.Rxc6 Nc5 27.Qd4 Rad7 28.Rxb6 Ne6 29.Qd3 Nc5
30.Qc3 Rc7 31.Qd4 Kh8 32.Rb5 Ne6 33.Rxc7 Qxc7 34.Qb6 Qc1+ 35.Bf1 Rd6 36.Qxd6 Qxe3+
37.Kg2 Qe4+ 38.Kf2 Qd4+ 39.Ke2 Qb2+ 40.Kf3 Qc3+ 41.Kg4 h5+ 42.Kh3 Qc8 43.Kg2 Qc2+
44.Kg1 Nd4 45.Qxd5  1-0

[Event "3rd Open"]
[Site "Glyfada GRE"]
[Date "2001.09.07"]
[Round "8"]
[White "Managadze,N"]
[Black "Tsanas,A"]
[Result "1-0"]
[WhiteElo "2420"]
[BlackElo "2171"]

1.d4 Nf6 2.g3 d5 3.c4 e6 4.Bg2 Be7 5.Nf3 O-O 6.O-O dxc4 7.Ne5 Nc6 8.Nxc6 bxc6
9.Bxc6 Rb8 10.Nc3 Bb7 11.Bxb7 Rxb7 12.e4 Qd7 13.Qf3 Rfb8 14.Rd1 Bb4 15.Bg5 Bxc3
16.bxc3 Ne8 17.Bf4 f6 18.Qe2 Qa4 19.e5 Rb2 20.Qf3 Rxa2 21.Rxa2 Qxa2 22.Qc6 Qc2
23.Qxe6+ Kh8 24.Rc1 Qg6 25.Qxc4  1-0

[Event "TCh-CRO"]
[Site "Pula CRO"]
[Date "2001.09.12"]
[Round "3"]
[White "Stohl,I"]
[Black "Brumen,D"]
[Result "1/2-1/2"]
[WhiteElo "2533"]
[BlackElo "2454"]

1.d4 Nf6 2.c4 e6 3.g3 d5 4.Bg2 Be7 5.Nf3 O-O 6.O-O dxc4 7.Qc2 a6 8.a4 Bd7
9.Qxc4 Bc6 10.Bg5 Bd5 11.Qc2 a5 12.Nc3 Na6 13.e4 Bc4 14.Rfd1 Nb4 15.Qb1 h6
16.b3 Ba6 17.Bf4 c6 18.Rd2 b6 19.Qd1 Ra7 20.Rc1 Qa8 21.Ne5 Rd8 22.h4 Nd7
23.Ng4 Nf6 24.Ne5 Nd7 25.Nc4 Kf8 26.Be3 Qb8 27.e5 Nd5 28.Ne4 Bb4 29.Rd3 b5
30.axb5 Bxb5 31.Bd2 a4 32.bxa4 Rxa4 33.Rb3 Bxd2 34.Qxd2 Qa7 35.Ned6 Bxc4
36.Rxc4 Rxc4 37.Nxc4 Qa4 38.Qa5 Qxa5 39.Nxa5 c5 40.Bxd5  1/2-1/2

[Event "TCh-CRO"]
[Site "Pula CRO"]
[Date "2001.09.12"]
[Round "3"]
[White "Cvitan,O"]
[Black "Horvath,Cs"]
[Result "1/2-1/2"]
[WhiteElo "2555"]
[BlackElo "2545"]

1.c4 e6 2.Nf3 Nf6 3.g3 d5 4.Bg2 Be7 5.d4 O-O 6.O-O dxc4 7.Qc2 a6 8.Qxc4 b5
9.Qc2 Bb7 10.Bg5 Nbd7 11.Bxf6 Nxf6 12.Nbd2 Rc8 13.Nb3 c5 14.dxc5 Be4 15.Qc3 Bd5
16.Rfd1  1/2-1/2

[Event "TCh-FIN 2001-02"]
[Site "FIN"]
[Date "2001.09.22"]
[Round "1"]
[White "Franssila,T"]
[Black "Halmeenmaki,T"]
[Result "1/2-1/2"]
[WhiteElo "2254"]
[BlackElo "2169"]

1.d4 d5 2.c4 e6 3.g3 Nf6 4.Bg2 Be7 5.Nf3 O-O 6.O-O dxc4 7.Qc2 Bd7 8.Qxc4 Bc6
9.Bg5 a5 10.Nc3 Na6 11.Bxf6 Bxf6 12.e4 Qe8 13.d5 Bd7 14.e5 exd5 15.Qf4 Bd8
16.Nxd5 Nc5 17.Qe3 Ne6 18.Rad1 Bc6 19.Rfe1 Be7 20.h4 Bc5 21.Qc1 Bxd5 22.Rxd5 Bb6
23.Ng5 Qe7 24.Red1 c6 25.Rd7 Qc5 26.Rxb7 Qxf2+ 27.Kh2 Be3 28.Ne4 Bxc1 29.Nxf2 Be3
30.Ng4 Bd4 31.h5 c5 32.h6 Rab8 33.hxg7 Kxg7 34.b3 Rxb7 35.Bxb7 h5 36.Nf6 Bxe5
37.Nxh5+ Kh6 38.Rd5 Bd4  1/2-1/2

[Event "ECC"]
[Site "Panormo GRE"]
[Date "2001.09.24"]
[Round "2"]
[White "Nielsen,PH"]
[Black "Krivonosov,O"]
[Result "1-0"]
[WhiteElo "2593"]
[BlackElo "2432"]

1.d4 d5 2.c4 e6 3.Nf3 Nf6 4.g3 Be7 5.Bg2 O-O 6.O-O dxc4 7.Qc2 a6 8.Qxc4 b5
9.Qc2 Bb7 10.Bd2 Be4 11.Qc1 Ra7 12.Be3 Nd5 13.Nc3 Nxc3 14.Qxc3 Rb7 15.Rfd1 c6
16.Ne5 Bxg2 17.Kxg2 Qd5+ 18.f3 b4 19.Qb3 Nd7 20.Nd3 Qb5 21.Rac1 Rc8 22.Qc4 h6
23.Qxb5 Rxb5 24.b3 e5 25.dxe5 Nxe5 26.Nc5 a5 27.Na4 Kf8 28.Rc2 Ke8 29.Rdc1 Rd8
30.Bb6 Rd6 31.f4 Nd7 32.Bf2 c5 33.Nxc5 Nxc5 34.Bxc5 Re6 35.Bd4 f6 36.Kf3 a4
37.Rc8+ Kf7 38.Ra8 axb3 39.axb3 Rd6 40.e3 Rd7 41.Rc6 Rbb7 42.g4 Rb5 43.h4 Rbb7
44.h5 Rb5 45.Ke4 Rbb7 46.Rca6 Rdc7 47.R6a7 Rxa7 48.Rxa7 Rc1 49.Kf5 Rc2 50.Bb6 Rd2
51.e4 Ke8 52.e5  1-0

[Event "ECC"]
[Site "Panormo GRE"]
[Date "2001.09.24"]
[Round "2"]
[White "Bator,R"]
[Black "Dutreeuw,M"]
[Result "1-0"]
[WhiteElo "2403"]
[BlackElo "2390"]

1.d4 d5 2.Nf3 Nf6 3.c4 e6 4.g3 Be7 5.Bg2 O-O 6.O-O dxc4 7.Qc2 a6 8.a4 Bd7
9.Qxc4 Bc6 10.Bg5 a5 11.Nc3 Na6 12.Bxf6 Bxf6 13.e4 Nb4 14.Rfd1 Ra6 15.Rd2 Rb6
16.Qc5 Ra6 17.Rad1 Qb8 18.Bf1 Ra8 19.Qh5 g6 20.Qh6 Bg7 21.Qf4 h6 22.Ne5 Qe8
23.Nxc6 Qxc6 24.Nb5 Na6 25.h4 Rad8 26.h5 g5 27.Qe3 f5 28.d5 exd5 29.exd5 Qf6
30.d6 cxd6 31.Nxd6 Qe5 32.Qb3+ Kh7 33.Nf7 Rxd2 34.Nxe5 Rxd1 35.Qxd1 Bxe5
36.Qd5 Bg7 37.Qxb7 Nc5 38.Qc6 Ne4 39.Bd3 Nd2 40.Bxf5+  1-0

[Event "ECC"]
[Site "Panormo GRE"]
[Date "2001.09.26"]
[Round "4"]
[White "Nikolaidis,I"]
[Black "Bologan,V"]
[Result "0-1"]
[WhiteElo "2531"]
[BlackElo "2655"]

1.d4 Nf6 2.c4 e6 3.g3 d5 4.Nf3 Be7 5.Bg2 O-O 6.Nbd2 b6 7.cxd5 exd5 8.O-O Bb7
9.Ne5 a5 10.Qc2 c5 11.dxc5 bxc5 12.Nb3 Na6 13.Bd2 Nb4 14.Qf5 g6 15.Qh3 Qc7
16.Ng4 h5 17.Nh6+ Kg7  0-1

[Event "ECC"]
[Site "Panormo GRE"]
[Date "2001.09.27"]
[Round "5"]
[White "Mikhalevski,V"]
[Black "Kruppa,Y"]
[Result "1/2-1/2"]
[WhiteElo "2501"]
[BlackElo "2552"]

1.d4 d5 2.c4 e6 3.Nf3 Nf6 4.g3 Be7 5.Bg2 O-O 6.O-O dxc4 7.Qc2 a6 8.a4 Bd7
9.Qxc4 Bc6 10.Bg5 Bd5 11.Qc2 Be4 12.Qc1 h6 13.Bf4 Bd6 14.Nc3 Bc6 15.a5 Nbd7
16.Re1 Bxf4 17.Qxf4 Nd5 18.Nxd5 exd5 19.Rac1 Nf6 20.h4 Ne8 21.Ne5 Bb5 22.e4 Nd6
23.exd5 Re8 24.Re3 Qf6 25.Qxf6 gxf6 26.Ng4 Kg7 27.Bf1 Bxf1 28.Kxf1 Nb5 29.Rf3 Nxd4
30.Rxf6 h5 31.Rxc7 Rf8 32.Rf4 Nb5 33.Rxb7 hxg4 34.Rxg4+ Kh7 35.Rf4 Kg7 36.Rg4+ Kh7
37.Rf4  1/2-1/2

[Event "ECC"]
[Site "Panormo GRE"]
[Date "2001.09.27"]
[Round "5"]
[White "Konopka,M"]
[Black "Krivonosov,O"]
[Result "1/2-1/2"]
[WhiteElo "2479"]
[BlackElo "2432"]

1.Nf3 d5 2.d4 Nf6 3.c4 e6 4.g3 Be7 5.Bg2 O-O 6.O-O dxc4 7.Qc2 a6 8.Qxc4 b5
9.Qc2 Bb7 10.Bg5 Nbd7 11.Bxf6 Nxf6 12.Nbd2 Rc8 13.Nb3 c5 14.dxc5 Be4 15.Qc3 Bd5
16.Rfd1 Ne4 17.Qe3 Nxc5 18.Ne5 Bg5 19.f4 Nxb3 20.axb3 Be7 21.Kh1 Rc5 22.Bxd5 Rxd5
23.Rxd5 Qxd5+ 24.Qf3 Qxf3+ 25.Nxf3 Ra8 26.Ne5 Bf6 27.Nd3 a5 28.Kg2 g6 29.Kf3 a4
30.Ke3 Rb8 31.Kd2 h5 32.bxa4 bxa4 33.Kc2 Rc8+ 34.Kd2 Rb8 35.Kc2 Rc8+ 36.Kd2 Rb8
37.Rxa4 Bxb2 38.Ra7 Bd4 39.Rd7 Bf6 40.Ke3 Rd8 41.Rb7 Rc8 42.Kf3 Rc3  1/2-1/2